000 00983nam a2200241 i 4500
001 73684
003 ES-MaACL
005 20250829123618.0
007 t|
008 040909s1979 sp ||||1| spa d
100 0 _aGómez-Tabanera, José Manuel,
_d1926-2011
_958165
245 1 3 _aLa caverna de la Peña de Candamo, en la cuenca del Nalón (Asturias) /
_cJosé Manuel Gómez-Tabanera.
250 _a2ª ed rev.
260 _aOviedo :
_bPublicaciones Didácticas de Extensión Cultural Universitaria,
_c[1979]
300 _a48 p. :
_bil. ;
_c17 cm.
490 1 _aPublicaciones Didácticas del Departamento de Prehistoria y Arqueología ;
_v1
510 3 _aBibliografía: p. 9-10
650 4 _aArte prehistórico-
_zAsturias (Comunidad Autónoma)
_910271
651 4 _aCueva de la Peña (Asturias)
_9159309
830 0 0 _aPublicaciones didácticas del Departamento de Prehistoria y Arqueología
_v1
_9183423
852 _aES-MaACL
_j2102-F-16
_bR.98691
999 _c73684
_d73684